Normal view
MARC view
- David Halliday, Robert Resnick, Kenneth S. Krane
Entry Personal Name
001 - CONTROL NUMBER
- control field: 1505
003 - CONTROL NUMBER IDENTIFIER
- control field: NUST
005 - DATE AND TIME OF LATEST TRANSACTION
- control field: 20170529122830.0
008 - FIXED-LENGTH DATA ELEMENTS
- fixed length control field: 170529|| aca||aabn | a|a d
040 ## - CATALOGING SOURCE
- Original cataloging agency: NUST
- Transcribing agency: NUST
100 ## - HEADING--PERSONAL NAME
- Personal name: David Halliday, Robert Resnick, Kenneth S. Krane
670 ## - SOURCE DATA FOUND
- Source citation: Work cat.: (NUST)23815: David Halliday, Robert Resnick, Kenneth S. Krane, Physics :Vol 2 , c1960
